Responses for Show #8370 - Friday, April 2, 2021

Last game with Dr. Mehmet Oz as guest host.
Champion's winnings & consolation amounts matched to HealthCorps.

Contestants

[<< previous game]

Stephanie Chapman, an oncology nurse from Owasso, Oklahoma

Mary Dixon, a bookseller and poet from Lakewood, California

Scott Shewfelt, a writer originally from Tavistock, Ontario, Canada (whose 1-day cash winnings total $17,199)

[next game >>]

Jeopardy! Round responses

NEW PHONE, WHO DISCO?
2-WORD U.S. CITIES
NAVY JOBS
DISNEY DWARF ALTERNATE NAMES
LET'S MAKE A PACT
SHAKE!
    $200 2
Chic

Stephanie
    $200 17
(Mehmet: Yes, you better get that one; good for you.)

Oklahoma City

Stephanie
    $200 30
mate

Stephanie
    $200 9
(Mehmet: That was a gold mine for you.)
[Applause]

Grumpy

Mary
    $200 12
India & Pakistan

Scott
    $200 18
the Shake Weight

Stephanie
    $400 4
Blondie

Scott
    $400 16
St. Paul

Mary
    $400 26
the master-at-arms

Stephanie
    $400 5
Happy

Mary
    $400 13
Molotov

Mary
    $400 22
(Stephanie: [Demonstrates] What is [*]?)
(Mehmet: Yes, I'm not doing it anymore.)

shaking my head

Stephanie
    $600 10
the Bee Gees

Scott
    $600 24
the River Walk

Scott
    $600 27
(Mary: What are SEALs?)
(Scott: What are frogs? [*]?)

frogmen

ScottMary
    $600 6
(Mary: [*]. Who is [*]?)

Bashful

Mary
    $600 14
(Mary: What is Cyprus?)

Crete

Mary
Triple Stumper
    $600 21
a frosty

Mary
    $800 3
KC and the Sunshine Band

Mary
    $800 25
Colorado Springs

Scott
    $800 28
air traffic controller

Scott
    $800 7
Doc

Mary
    $800 15
the Bourbons

Scott
    $800 19
the IRA

Scott
    $1000 11
"Love Train"

Mary
    $1000 1
(Scott: What is Terre Haute?)

Fort Wayne

ScottStephanie
    $1000 29
(Mary: Clergyman?)

chaplain

Mary
Triple Stumper
    $1000 8
Sleepy

Mary
    $1,500 23
(Stephanie: What is France?)
...
(Mehmet: There are quite a few more cantons that now participate in that federation.)

Switzerland

Stephanie
    $1000 20
seismo

Stephanie

Scores at the first commercial break (after clue 15):

Scott Mary Stephanie
$1,000 $4,600 $1,200

Scores at the end of the Jeopardy! Round:

Scott Mary Stephanie
$4,600 $4,000 $2,100

Double Jeopardy! Round responses

BOOKS FOR YOUNG PEOPLE
LANGUAGES
WOMEN IN CONGRESS
TRIPLE RHYME TIME
SCIENCE "N" MEDICINE
CATCHIN' THE MOVIE TRAIN
    $400 3
Professor McGonagall

Stephanie
    $400 24
German

Mary
    $400 26
Pelosi

Scott
    $400 25
a new blue zoo

Stephanie
    $400 15
(Stephanie: What is an opiate?)

a narcotic

ScottStephanie
    $400 10
Momma

Scott
    $800 2
Forks

Mary
    $800 17
Icelandic

Scott
    $800 19
Hawaii

Scott
    $800 30
a pope soap on a rope

Stephanie
    $800 11
nearsightedness

Scott
    $800 9
The Polar Express

Stephanie
    $1200 1
(Mary: What's a Titan?)

Cyclops

Mary
Triple Stumper
    $1200 21
Ukrainian

Triple Stumper
    $1200 16
Amy Klobuchar

Stephanie
    $5,000 27
the late great Kate

Scott
    $1200 12
(Mary: What are nucleotides?)

nucleic acids

ScottMary
    $1200 8
Hitchcock

Mary
    $1600 4
Sam

Stephanie
    $1600 22
(Stephanie: What is Ethiopia?)

Nigeria

Stephanie
Triple Stumper
    $1600 18
Dole

Mary
    $1600 29
a French trench stench

Mary
    $1600 13
a nimbus

Mary
    $1600 7
(Scott: What is The Darjeeling Unlim--what is [*]?)

The Darjeeling Limited

Scott
    $2000 5
Lucy Maud Montgomery

Scott
    $2000 23
Serbo-Croatian

Mary
    $2000 20
Rankin

Scott
    $2000 28
(Mehmet: I didn't make up the clue.)
[Laughter]

a Roman bowman showman

Triple Stumper
    $2,000 14
a nephrologist

Mary
    $2000 6
Snowpiercer

Mary

Scores at the end of the Double Jeopardy! Round:

Scott Mary Stephanie
$20,000 $14,800 $5,300

[wagering suggestions for these scores]

Final Jeopardy! Round responses

EPONYMOUS LANDMARKS
(Mehmet: [To Stephanie] It's the tallest waterfall in the world and [*] discovered it 30 years before his death.)
StephanieWho is Angel?
$300
MaryWho is Angel?
$10,200
ScottWho is Angel?
$9,601
(James) Angel

Final scores:

Scott Mary Stephanie
$29,601 $25,000 $5,600
2-day champion: $46,800 2nd place: $2,000 3rd place: $1,000

Game dynamics:

Coryat scores:

Scott Mary Stephanie
$16,200 $14,800 $6,800
20 R
(including 1 DD),
1 W
19 R
(including 1 DD),
5 W
14 R,
3 W
(including 1 DD)

Combined Coryat: $37,800

[game clues] [game scores] [suggest correction]

Game tape date: 2021-02-02
The J! Archive is created by fans, for fans. Scraping, republication, monetization, and malicious use prohibited; this site may use cookies and collect identifying information. See terms. The Jeopardy! game show and all elements thereof, including but not limited to copyright and trademark thereto, are the property of Jeopardy Productions, Inc. and are protected under law. This website is not affiliated with, sponsored by, or operated by Jeopardy Productions, Inc. Join the discussion at JBoard.tv.